| 000 | 02319nam a2200361 a 4500 | ||
|---|---|---|---|
| 001 | ebr10270864 | ||
| 003 | CaPaEBR | ||
| 006 | m u | ||
| 007 | cr cn||||||||| | ||
| 008 | 071106s2007 ne sb 001 0 eng | ||
| 010 | _z 2007046054 | ||
| 020 | _z9789004158481 (hardback : alk. paper) | ||
| 020 | _z9004158480 (hardback : alk. paper) | ||
| 040 |
_aCaPaEBR _cCaPaEBR |
||
| 035 | _a(OCoLC)646789608 | ||
| 050 | 1 | 4 |
_aPA4276 _b.B75 2007eb |
| 082 | 0 | 4 |
_a884/.01 _222 |
| 100 | 1 | _aBoeke, Hanna. | |
| 245 | 1 | 4 |
_aThe value of victory in Pindar's odes _h[electronic resource] : _bgnomai, cosmology and the role of the poet / _cby Hanna Boeke. |
| 260 |
_aLeiden ; _aBoston : _bBrill, _c2007. |
||
| 300 | _ax, 230 p. | ||
| 490 | 1 |
_aMnemosyne bibliotheca classica Batava, _x0169-8958 ; _vv. 285 |
|
| 504 | _aIncludes bibliographical references (p. [199]-208) and indexes. | ||
| 505 | 0 | _aGnomai as a source of cosmological reflection -- The nature of gnomai according to modern scholarship -- Ancient thinking on gnomai -- The "true point" of gnomai -- The gnomic expression of cosmology in Pindar -- Definitions and assumptions -- The elemental forces : fate, God, nature and man -- The human condition -- Man in society -- Cosmology in action : an analysis of selected odes -- Olympian 12 : an immigrant and his adopted city -- Isthmian 4 : creating for an ill-favoured victor -- Olympian 13 : praising an ambitious family -- The poet as mediator of cosmology -- Isthmian 4 : the poet modifies a cosmological premise -- Olympian 13 : the poet demonstrates cosmological principles -- Cosmology and the poet in short odes -- Olympian 9 and Nemean 3 : the poet assumes different attitudes to a central cosmological tenet. | |
| 533 |
_aElectronic reproduction. _bPalo Alto, Calif. : _cebrary, _d2013. _nAvailable via World Wide Web. _nAccess may be limited to ebrary affiliated libraries. |
||
| 600 | 0 | 0 |
_aPindar _xCriticism and interpretation. |
| 650 | 0 | _aCosmology, Ancient, in literature. | |
| 650 | 0 | _aPraise in literature. | |
| 655 | 7 |
_aElectronic books. _2local |
|
| 710 | 2 | _aebrary, Inc. | |
| 830 | 0 |
_aMnemosyne, bibliotheca classica Batava. _pSupplementum ; _v285. |
|
| 856 | 4 | 0 |
_uhttp://site.ebrary.com/lib/rucke/Doc?id=10270864 _zAn electronic book accessible through the World Wide Web; click to view |
| 999 |
_c7972 _d7972 |
||